Science Quiz

Random Science Quiz

Math-tastic Quiz Stats

 Plays Quiz not verified by Sporcle

Also try: Baby Beasts A-Z
Challenge
Share
Tweet
Embed
Score 0/16 Timer 01:00
0 Plays Today
Sum Answer % Correct
10 times 10100
99.4%
654 times 00
96.9%
60 times 4240
96.6%
7 times 749
92%
1200 times 22400
90.7%
222 times 3666
87.9%
3000 times 3090000
86.4%
43 times 6258
78%
Sum Answer % Correct
55 times 5275
67.2%
6 times 954
63.5%
8 times 20160
61.3%
46 times 8368
61%
12 times 11132
57.6%
7554 times 215108
38.1%
898 times 76286
28.2%
6878 times 427512
26%

You're not logged in!

Compare scores with friends on all Sporcle quizzes.
OR
Log In

You Might Also Like...

Show Comments

Extras

Created May 2, 2010ReportNominate
Tags:multiplication, sum

Top Quizzes Today


Score Distribution

Your Account Isn't Verified!

In order to create a playlist on Sporcle, you need to verify the email address you used during registration. Go to your Sporcle Settings to finish the process.

Report this User

Report this user for behavior that violates our Community Guidelines.

Details: